000 02266nam a2200361 i 4500
003 DO-SdBNP
005 20250723145734.0
007 ta
008 250718b1966 dr a|||| |||| 00| 0 spa d
020 _a0870110314
040 _aDO-SdBNP
_bspa
_cBNPHU
_erda
041 _aeng
082 4 _a769.952
_bN218j
_222
100 1 _aNarazaki, Muneshige,
_d1904-2001.
_eautor
_4aut.
_987698
245 1 4 _aThe Japanese print :
_bits evolution and essence /
_cMuneshige Narazaki ; adaptación inglesa, C. H. Mitchell.
250 _aPrimera edición
264 4 _aTokyo ;
_aPalo Alto, California ;
_bKodansha International, LTD
_c©1966.
300 _a274 páginas :
_b107 ilustraciones coloreadas montadas ;
_c37 cm.
336 _atexto
_btxt
_2rdacontent
337 _asin mediación
_bn
_2rdamedia
338 _avolumen
_bnc
_2rdacarrier
500 _aIdentificación impresa y nombres de los artistas también en caracteres chino-japoneses.
500 _aLa biblioteca posee la séptima reimpresión de 1966
500 _aIncluye índice y glosario.
504 _aBibliografía : páginas 257-267
520 _aUna selección de más de cien xilografías ukiyo-e japonesas a todo color, incluyendo varios trípticos desplegables, encuadernados con separadores. Obras de los artistas más importantes de los siglos XVII al XIX, estas reproducciones fieles abarcan una amplia gama temática: retratos de actores, escenas de género, paisajes, escenas cómicas, mujeres hermosas y más. Además de un texto introductorio de tres capítulos, las láminas se acompañan de extensos pies de foto con descripciones completas de detalles artísticos, material biográfico sobre los artistas y una historia evolutiva de las impresiones japonesas. Una sección especial del adaptador, C.H. Mitchell, aborda los criterios de selección, el valor de mercado y el cuidado de las impresiones. Un libro exquisito en excelente estado, con estuche resistente y protector de lomo. 474 páginas. tela, sobrecubierta, estuche de cartón, folio.
590 _aInventariado, 2025/ YL
650 4 _aGrabados en color, japonesas.
_988389
650 4 _aUkiyoe
_988390
700 1 _aMitchell, C. H.
_988429
910 _aYLockward/Validado. Control de calidad MFF
942 _2ddc
_cLBS1
999 _c59575
_d59575